Sociální analýza a prognóza rozvoje pracovních kolektivů

Enregistré dans:
Détails bibliographiques
Auteur principal: Kohout, Jaroslav
Format: Livre
Langue:tchèque
Publié: Praha Horizont 1983
Tags: Ajouter un tag
Pas de tags, Soyez le premier à ajouter un tag!

MARC

LEADER 00000nam a2200000 4500
001 c115013
005 20041019155200.2
041 0 |a cze 
044 |a CZ 
245 1 0 |a Sociální analýza a prognóza rozvoje pracovních kolektivů  |c Jaroslav Kohout a kol. 
264 1 |a Praha  |b Horizont  |c 1983 
300 |a 120 s. 
100 1 |a Kohout, Jaroslav